000 00620cam a2200181ua 4500
020 _a81 204 0456 4
041 _aeng
_h
082 _a028.746645
_bBHA/TH
100 _aBhattacharya, S C.
245 _a11th intrnational congress of essential oils,fragrances and flavours 12-16 november 1989 Newdelhi,India chemistry and analysis,structure and synthesis proceeding-5 /
_cS C Bhattacharya.
_hTextual Documents
260 _aNew Delhi :
_bOxford & IBH Publishing company ,
_c1989.
300 _a150 ; .
504 _a
700 1 _aSen, N .
700 1 _aSethi, K L .
942 _cBK
999 _c10684
_d10684